[Event "Oberpfalz-ch M3"]
[Site "Bad Koetzting"]
[Date "2018.03.27"]
[Round "7"]
[White "Achhammer, Michael"]
[Black "Reisinger, Willi"]
[Result "1-0"]
[WhiteElo "1534"]
[BlackElo "1238"]
[PlyCount "83"]
[EventDate "2018.03.24"]
[EventType "swiss"]
[EventRounds "8"]
[EventCountry "GER"]
[SourceTitle "EXT 2020"]
[Source "ChessBase"]
[SourceDate "2019.10.17"]
[SourceVersion "1"]
[SourceVersionDate "2019.10.17"]
[SourceQuality "1"]

1. e4 e5 2. Nf3 Nf6 3. Bc4 h6 4. d3 d6 5. h3 Be7 6. c3 0-0 7. 0-0 c5 8. Re1 Nc6 9. Nbd2 Na5 10. Bb5 Bd7 11. Ba4 b5 12. Bc2 Be6 13. Nf1 Rb8 14. d4 Qc7 15. d5 Bd7 16. b3 Nb7 17. Ng3 a5 18. a3 Ra8 19. c4 b4 20. a4 Nh7 21. Nf5 Bxf5 22. exf5 f6 23. Nh4 Rfe8 24. Ng6 Nd8 25. Re3 Nf7 26. Rg3 Nh8 27. Bxh6 gxh6 28. Nxe7+ Kf7 29. Qh5+ Kxe7 30. Rg7+ Kd8 31. Rxc7 Kxc7 32. h4 Re7 33. Be4 Rg7 34. Qxh6 Rag8 35. Kh2 Nf7 36. Qe3 Nh6 37. Qxh6 Rg4 38. Qxh7+ R8g7 39. Qh5 Kd7 40. Kh3 Ke7 41. Re1 Kf8 42. Re3 1-0

[Event "Nittenau-ch 16th"]
[Site "Nittenau"]
[Date "2016.09.18"]
[Round "5"]
[White "Stoeckl, Maximilian"]
[Black "Achhammer, Michael"]
[Result "1/2-1/2"]
[WhiteElo "1476"]
[BlackElo "1485"]
[PlyCount "48"]
[EventDate "2016.09.16"]
[EventType "swiss"]
[EventRounds "5"]
[EventCountry "GER"]
[SourceTitle "EXT 2022"]
[Source "ChessBase"]
[SourceDate "2021.10.06"]
[SourceVersion "1"]
[SourceVersionDate "2021.10.06"]
[SourceQuality "1"]

1. d4 d5 2. c4 c6 3. Nc3 Bf5 4. Nf3 e6 5. e3 Nf6 6. Bd2 Bd6 7. Be2 Nbd7 8. 0-0 Ne4 9. Be1 Qe7 10. Nd2 Ndf6 11. Ndxe4 Nxe4 12. cxd5 exd5 13. Nxe4 Qxe4 14. Bf3 Qh4 15. g3 Qe7 16. Bd2 Bb4 17. a3 Bxd2 18. Qxd2 h5 19. Qb4 Qxb4 20. axb4 Bd3 21. Rfd1 Be4 22. Bxe4 dxe4 23. Rac1 a6 24. Rc5 0-0-0 1/2-1/2

[Event "Nittenau-ch 16th"]
[Site "Nittenau"]
[Date "2016.09.17"]
[Round "2"]
[White "Helmich, Joerg"]
[Black "Achhammer, Michael"]
[Result "1/2-1/2"]
[WhiteElo "1700"]
[BlackElo "1485"]
[PlyCount "48"]
[EventDate "2016.09.16"]
[EventType "swiss"]
[EventRounds "5"]
[EventCountry "GER"]
[SourceTitle "EXT 2022"]
[Source "ChessBase"]
[SourceDate "2021.10.06"]
[SourceVersion "1"]
[SourceVersionDate "2021.10.06"]
[SourceQuality "1"]

1. d4 e6 2. c4 d5 3. Nf3 Nf6 4. g3 b6 5. Bg2 Bb7 6. 0-0 Nbd7 7. Nbd2 Be7 8. b3 0-0 9. Bb2 c5 10. dxc5 Bxc5 11. cxd5 Bxd5 12. Ne5 Bxg2 13. Kxg2 Qc7 14. Nxd7 Nxd7 15. Rc1 Rfd8 16. Nf3 Qb7 17. Qc2 Rac8 18. Qb1 Be7 19. Rxc8 Rxc8 20. Rc1 Bf6 21. Bxf6 Rxc1 22. Qxc1 Nxf6 23. Kg1 h6 24. Ne5 Nd7 1/2-1/2

[Event "Oberpfalz-ch M3"]
[Site "Kareth Lappersdorf"]
[Date "2008.03.18"]
[Round "7"]
[White "Achhammer, Michael"]
[Black "Schlittenbauer, Tobias"]
[Result "0-1"]
[WhiteElo "1180"]
[BlackElo "1294"]
[PlyCount "78"]
[EventDate "2008.03.15"]
[EventType "swiss"]
[EventRounds "8"]
[EventCountry "GER"]
[SourceTitle "EXT 2022"]
[Source "ChessBase"]
[SourceDate "2021.10.06"]
[SourceVersion "1"]
[SourceVersionDate "2021.10.06"]
[SourceQuality "1"]

1. e4 c6 2. d4 d5 3. exd5 cxd5 4. Nf3 Nc6 5. c4 dxc4 6. Bxc4 Bg4 7. Qb3 e6 8. 0-0 Qb6 9. Qxb6 axb6 10. Bb5 Bxf3 11. gxf3 Ra5 12. a4 Bb4 13. Na3 Bxa3 14. Rxa3 Nge7 15. Bf4 Nd5 16. Bd6 Kd7 17. Bg3 Ke7 18. Re1 Nxd4 19. Rd3 Nxb5 20. Rxd5 Na7 21. Bd6+ Kd7 22. Rxa5 bxa5 23. Bc5 Nc6 24. Bb6 Rc8 25. Rd1+ Ke7 26. Rc1 Kd7 27. Rd1+ Ke7 28. Bc5+ Ke8 29. Bb6 Ne5 30. Kg2 Nc4 31. Bd4 Rd8 32. f4 Nxb2 33. Rb1 Rxd4 34. Rxb2 Rxa4 35. Rxb7 Rxf4 36. Kg3 Rf5 37. Ra7 g6 38. f4 Kf8 39. h4 e5 0-1